La decadencia española (Record no. 111127)

MARC details
000 -LEADER
campo de control de longitud fija 00601nam a2200181 4500
001 - NÚMERO DE CONTROL
campo de control 111127
003 - IDENTIFICADOR DE NÚMERO DE CONTROL
campo de control ES-MaACL
005 - FECHA Y HORA DE LA ÚLTIMA TRANSACCIÓN
campo de control 20230906185239.0
007 - CAMPO FIJO DE DESCRIPCIÓN FÍSICA--INFORMACIÓN GENERAL
campo de control de longitud fija t|
008 - DATOS DE LONGITUD FIJA--INFORMACIÓN GENERAL
campo de control de longitud fija 061121s1939 sp r ||||1| spa d
080 ## - NÚMERO DE LA CLASIFICACIÓN DECIMAL UNIVERSAL
Número de la Clasificación Decimal Universal 930.85(460)
100 1# - ENTRADA PRINCIPAL--NOMBRE DE PERSONA
Nombre de persona Olagüe, Ignacio.
9 (RLIN) 86640
245 13 - MENCIÓN DEL TÍTULO
Título La decadencia española
Resto del título : ensayo para la rectificación de la historia de España /
Mención de responsabilidad, etc. Ignacio Olagüe.
260 ## - PUBLICACIÓN, DISTRIBUCIÓN, ETC.
Lugar de publicación, distribución, etc. San Sebastián :
Nombre del editor, distribuidor, etc. Librería Internacional,
Fecha de publicación, distribución, etc. [1939?] (
Lugar de fabricación/manufactura Madrid :
Fabricante E. Giménez)
300 ## - DESCRIPCIÓN FÍSICA
Extensión 1 v. ;
Dimensiones 25 cm.
651 #4 - PUNTO DE ACCESO ADICIONAL DE MATERIA--NOMBRE GEOGRÁFICO
Nombre geográfico España-
Subdivisión general Civilización.
9 (RLIN) 8163
852 ## - LOCALIZACIÓN
Ubicación ES-MaACL
Número de control de estantería P-844
Sublocalización o colección R.17035
Holdings
Estatus retirado Estado de pérdida Estado de daño No para préstamo Biblioteca de origen Biblioteca actual Ubicación en estantería Fecha de adquisición Fuente de adquisición Total de préstamos Signatura topográfica completa Código de barras Visto por última vez Precio de reemplazo Tipo de ítem Koha
        Biblioteca del Ateneo de Madrid Biblioteca del Ateneo de Madrid Depósito 2 17/01/2008     P-844 1115940 23/02/2023 23/02/2023 Libro impreso